<?xml version="1.0" encoding="UTF-8"?><marc:collection xmlns:marc="http://www.loc.gov/MARC21/slim">
  <marc:record>
    <marc:leader>00000nam##2200000za#4500</marc:leader>
    <marc:controlfield tag="001">9.647788</marc:controlfield>
    <marc:controlfield tag="003">CaOODSP</marc:controlfield>
    <marc:controlfield tag="005">20210615112757</marc:controlfield>
    <marc:controlfield tag="007">ta</marc:controlfield>
    <marc:controlfield tag="008">150407|1999||||xxc|||||     f|0| 0 eng|d</marc:controlfield>
    <marc:datafield tag="020" ind1=" " ind2=" ">
      <marc:subfield code="a">0-662-29108-5</marc:subfield>
    </marc:datafield>
    <marc:datafield tag="040" ind1=" " ind2=" ">
      <marc:subfield code="a">CaOODSP</marc:subfield>
      <marc:subfield code="b">eng</marc:subfield>
    </marc:datafield>
    <marc:datafield tag="043" ind1=" " ind2=" ">
      <marc:subfield code="a">n-cn---</marc:subfield>
    </marc:datafield>
    <marc:datafield tag="086" ind1="1" ind2=" ">
      <marc:subfield code="a">H21-157/1999E</marc:subfield>
    </marc:datafield>
    <marc:datafield tag="110" ind1="1" ind2=" ">
      <marc:subfield code="a">Canada. </marc:subfield>
      <marc:subfield code="b">Health Canada.</marc:subfield>
    </marc:datafield>
    <marc:datafield tag="245" ind1="1" ind2="0">
      <marc:subfield code="a">Food safety assessment: the Food Emergency Response System of the Canadian Food Inspection Agency : </marc:subfield>
      <marc:subfield code="b">food safety assessment report to the Minister of Health, March 1999 / </marc:subfield>
      <marc:subfield code="c">Issued by the Bureau of Food Safety Assessment, Food Directorate. </marc:subfield>
    </marc:datafield>
    <marc:datafield tag="260" ind1=" " ind2=" ">
      <marc:subfield code="a">Ottawa - Ontario : </marc:subfield>
      <marc:subfield code="b">Health Canada </marc:subfield>
      <marc:subfield code="c">1999.</marc:subfield>
    </marc:datafield>
    <marc:datafield tag="300" ind1=" " ind2=" ">
      <marc:subfield code="a">iv, 22p. : </marc:subfield>
      <marc:subfield code="b">figs. ; </marc:subfield>
      <marc:subfield code="c">28 cm.</marc:subfield>
    </marc:datafield>
    <marc:datafield tag="500" ind1=" " ind2=" ">
      <marc:subfield code="a">"In April 1997 the Canadian Food Inspection Agency Act established the Canadian Food Inspection Agency, reporting to the Minister of Agriculture and Agri-Food. Health Canada is responsible for assessing the effectiveness of the Agency's activities related to food safety. The following are key findings from the first food safety assessment of the Canadian Food Inspection Agency's activities, namely, those related to the Food Emergency Response System."--Executive summary.</marc:subfield>
    </marc:datafield>
    <marc:datafield tag="520" ind1="3" ind2=" ">
      <marc:subfield code="a">In April 1997 the Canadian Food Inspection Agency Act established the Canadian Food Inspection Agency, reporting to the Minister of Agriculture and Agri-Food. Health Canada is responsible for assessing the effectiveness of the Agency's activities related to food safety. The following are key findings from the first food safety assessment of the Canadian Food Inspection Agency's activities, namely, those related to the Food Emergency Response System.--Executive summary</marc:subfield>
    </marc:datafield>
    <marc:datafield tag="563" ind1=" " ind2=" ">
      <marc:subfield code="a">Ring binding</marc:subfield>
    </marc:datafield>
    <marc:datafield tag="590" ind1=" " ind2=" ">
      <marc:subfield code="a">00-24</marc:subfield>
      <marc:subfield code="b">2000-06-16</marc:subfield>
    </marc:datafield>
    <marc:datafield tag="690" ind1="0" ind2="7">
      <marc:subfield code="a">Food safety</marc:subfield>
      <marc:subfield code="2">gcpds</marc:subfield>
    </marc:datafield>
    <marc:datafield tag="690" ind1="0" ind2="7">
      <marc:subfield code="a">Food inspection</marc:subfield>
      <marc:subfield code="2">gcpds</marc:subfield>
    </marc:datafield>
    <marc:datafield tag="775" ind1="0" ind2="8">
      <marc:subfield code="t">Évaluation de la salubrité des aliments: le Système d'intervention d'urgence dans le domaine de la salubrité des aliments de l'Agence canadienne d'inspection des aliments : </marc:subfield>
      <marc:subfield code="w">(CaOODSP)9.681168</marc:subfield>
    </marc:datafield>
    <marc:datafield tag="776" ind1="0" ind2="#">
      <marc:subfield code="t">Food safety assessment : </marc:subfield>
      <marc:subfield code="w">(CaOODSP)9.696351</marc:subfield>
    </marc:datafield>
  </marc:record>
</marc:collection>
